[Event "Dimitrovgrad Caribrod op"]
[Site "Dimitrovgrad"]
[Date "2024.03.30"]
[Round "3"]
[White "Dimitrijevic, Dusan"]
[Black "Brankov, Krasimir Dimitrov"]
[Result "0-1"]
[WhiteElo "2070"]
[BlackElo "2185"]
[PlyCount "66"]
[EventDate "2024.03.29"]
[EventType "swiss"]
[EventRounds "7"]
[EventCountry "SRB"]
[SourceTitle "CB16_2024"]
[SourceDate "2024.04.17"]
[SourceVersion "1"]
[SourceVersionDate "2024.04.17"]
[SourceQuality "1"]

1. d4 Nf6 2. Nf3 g6 3. Bg5 Bg7 4. e3 0-0 5. Nbd2 d6 6. Bd3 h6 7. Bxf6 Bxf6 8. c3 Bg7 9. h4 c5 10. h5 g5 11. Nxg5 hxg5 12. h6 Bf6 13. Qh5 cxd4 14. exd4 Nc6 15. 0-0-0 Qa5 16. Ne4 Bf5 17. Nxf6+ exf6 18. Qf3 Ne7 19. g4 Qxa2 20. Bxf5 Nxf5 21. gxf5 a5 22. Rdg1 a4 23. Qf4 a3 24. h7+ Kh8 25. Qd2 Qa1+ 26. Kc2 Qxb2+ 27. Kd3 Qb5+ 28. c4 Qxf5+ 29. Kc3 b5 30. f4 Rfc8 31. fxg5 Rxc4+ 32. Kb3 Qd5 33. Qg2 Rb4+ 0-1

[Event "Dimitrovgrad Caribrod op"]
[Site "Dimitrovgrad"]
[Date "2024.03.29"]
[Round "1"]
[White "Kalamoukou, Giolanta"]
[Black "Brankov, Krasimir Dimitrov"]
[Result "1-0"]
[WhiteElo "1741"]
[BlackElo "2185"]
[PlyCount "94"]
[EventDate "2024.03.29"]
[EventType "swiss"]
[EventRounds "7"]
[EventCountry "SRB"]
[SourceTitle "CB16_2024"]
[SourceDate "2024.04.17"]
[SourceVersion "1"]
[SourceVersionDate "2024.04.17"]
[SourceQuality "1"]

1. d4 Nf6 2. c4 g6 3. Nc3 d5 4. Nf3 Bg7 5. Qb3 dxc4 6. Qxc4 0-0 7. e4 c6 8. Be2 b5 9. Qb3 Qa5 10. 0-0 b4 11. e5 bxc3 12. exf6 Bxf6 13. bxc3 Be6 14. Bc4 Bxc4 15. Qxc4 Qd5 16. Qe2 Nd7 17. c4 Qh5 18. Bf4 c5 19. Be5 cxd4 20. Bxf6 exf6 21. Nxd4 Qxe2 22. Nxe2 Rac8 23. Rac1 Rc5 24. Nf4 Nb6 25. Rfd1 Rfc8 26. Rd4 Kf8 27. Kf1 Nxc4 28. Rcd1 Ra5 29. Nd5 Kg7 30. Ne7 Rcc5 31. Rd5 Rxd5 32. Rxd5 Rxa2 33. Nc6 Ra6 34. Rc5 Nd2+ 35. Ke1 Ne4 36. Rc2 h5 37. f3 Nd6 38. Kd2 Nf5 39. Nb4 Rd6+ 40. Kc1 a5 41. Nc6 Ne3 42. Rc3 Rd1+ 43. Kb2 Nxg2 44. Nxa5 Rd2+ 45. Kc1 Ra2 46. Nc6 Nf4 47. Rc4 Nd3+ 1-0

[Event "Thessaloniki White Tower op-A 2nd"]
[Site "Thessaloniki"]
[Date "2023.01.06"]
[Round "7"]
[White "Lagaras, Stylianos"]
[Black "Brankov, Krasimir Dimitrov"]
[Result "0-1"]
[WhiteElo "1891"]
[BlackElo "2234"]
[PlyCount "77"]
[EventDate "2023.01.02"]
[EventType "swiss"]
[EventRounds "9"]
[EventCountry "GRE"]
[SourceTitle "CBM 212 Extra"]
[Source "ChessBase"]
[SourceDate "2023.03.31"]
[SourceVersion "1"]
[SourceVersionDate "2023.03.31"]
[SourceQuality "1"]

1. d4 Nf6 2. c4 g6 3. Nc3 d5 4. cxd5 Nxd5 5. e4 Nxc3 6. bxc3 Bg7 7. Nf3 0-0 8. Be2 b6 9. 0-0 Bb7 10. Qc2 e6 11. Bg5 Qc8 12. Rad1 c5 13. d5 exd5 14. exd5 Nd7 15. Rfe1 Re8 16. h4 Nf6 17. Bb5 Rxe1+ 18. Rxe1 Bxd5 19. Bxf6 Qg4 20. Bd7 Qxd7 21. Ne5 Qf5 22. Qxf5 gxf5 23. Bxg7 Kxg7 24. a3 Re8 25. f4 f6 26. Nd3 Rxe1+ 27. Nxe1 Be4 28. Kf2 h5 29. Ke3 Kf7 30. g3 b5 31. Nd3 Bxd3 32. Kxd3 Ke6 33. c4 bxc4+ 34. Kxc4 Kd6 35. Kc3 Kd5 36. a4 a5 37. Kd3 c4+ 38. Kc2 Kd4 39. Kd2 0-1

[Event "Thessaloniki White Tower op-A 2nd"]
[Site "Thessaloniki"]
[Date "2023.01.03"]
[Round "3"]
[White "Banov, Boil"]
[Black "Brankov, Krasimir Dimitrov"]
[Result "1/2-1/2"]
[WhiteElo "2026"]
[BlackElo "2234"]
[PlyCount "24"]
[EventDate "2023.01.02"]
[EventType "swiss"]
[EventRounds "9"]
[EventCountry "GRE"]
[SourceTitle "CBM 212 Extra"]
[Source "ChessBase"]
[SourceDate "2023.03.31"]
[SourceVersion "1"]
[SourceVersionDate "2023.03.31"]
[SourceQuality "1"]

1. g3 d5 2. Nf3 Nf6 3. Bg2 g6 4. 0-0 Bg7 5. d4 0-0 6. c4 dxc4 7. Na3 Nc6 8. Nxc4 Be6 9. Nce5 Nxe5 10. dxe5 Ng4 11. Bf4 Bd5 12. Qc2 Bxf3 1/2-1/2

[Event "Thessaloniki White Tower op-A 2nd"]
[Site "Thessaloniki"]
[Date "2023.01.03"]
[Round "2"]
[White "Brankov, Krasimir Dimitrov"]
[Black "Kourkoulos Arditis, Stamatis"]
[Result "1/2-1/2"]
[WhiteElo "2234"]
[BlackElo "2537"]
[PlyCount "71"]
[EventDate "2023.01.02"]
[EventType "swiss"]
[EventRounds "9"]
[EventCountry "GRE"]
[SourceTitle "CBM 212 Extra"]
[Source "ChessBase"]
[SourceDate "2023.03.31"]
[SourceVersion "1"]
[SourceVersionDate "2023.03.31"]
[SourceQuality "1"]

1. d4 Nf6 2. c4 g6 3. Nc3 Bg7 4. e4 d6 5. Nf3 0-0 6. Be3 Na6 7. Be2 e5 8. d5 Ng4 9. Bg5 f6 10. Bh4 c5 11. Nd2 Nh6 12. 0-0 b6 13. a3 Nc7 14. b4 g5 15. Bg3 f5 16. exf5 Nxf5 17. Nde4 Ne8 18. Rb1 h6 19. Bg4 Nf6 20. Nxf6+ Qxf6 21. Ne4 Qg6 22. Re1 Nd4 23. Bh5 Qh7 24. Nxd6 Bf5 25. Nxf5 Qxf5 26. Bg4 Qg6 27. bxc5 bxc5 28. Bh5 Qf5 29. Qg4 Rab8 30. Qxf5 Nxf5 31. Bg6 Rxb1 32. Rxb1 Nxg3 33. hxg3 e4 34. Bxe4 Bd4 35. Bf3 h5 36. Bxh5 1/2-1/2

[Event "PNWCC vs Europe Hybrid 08"]
[Site "Chess.com INT"]
[Date "2022.08.21"]
[Round "6"]
[White "Brankov, Krasimir Dimitrov"]
[Black "Zhang, Eric"]
[Result "1-0"]
[WhiteElo "2212"]
[BlackElo "2139"]
[PlyCount "141"]
[EventDate "2022.08.19"]
[EventType "team-match"]
[EventRounds "8"]
[EventCountry "USA"]
[SourceTitle "EXT 2024"]
[Source "ChessBase"]
[SourceDate "2023.10.10"]
[SourceVersion "1"]
[SourceVersionDate "2023.10.10"]
[SourceQuality "1"]
[WhiteTeam "Europe"]
[BlackTeam "PNWCC"]
[BlackTeamCountry "USA"]

1. d4 d5 2. c4 c6 3. Nc3 e6 4. cxd5 exd5 5. Qc2 Bd6 6. Nf3 Ne7 7. Bg5 f6 8. Bh4 0-0 9. e3 Bf5 10. Bd3 Bxd3 11. Qxd3 a5 12. 0-0 Na6 13. Bg3 Bxg3 14. hxg3 Re8 15. Rfe1 Qd7 16. Na4 Nc8 17. Qb3 b5 18. Nc3 a4 19. Qc2 Nd6 20. Ne2 a3 21. b3 Ne4 22. Nf4 Nb4 23. Qd1 Qg4 24. Nd3 Nc3 25. Qd2 Nxd3 26. Qxd3 b4 27. Rec1 Re6 28. Rxc3 bxc3 29. Qxc3 Qh5 30. Rc1 g5 31. b4 Qf7 32. Rb1 Qb7 33. Ne1 Qa6 34. Nd3 Re7 35. b5 cxb5 36. Qb3 Qd6 37. Nb4 Rd8 38. Qxa3 Rc7 39. Qa5 Rc4 40. Nd3 Ra4 41. Qxb5 Rxa2 42. Nc5 Rda8 43. Qb7 Ra1 44. Rxa1 Rxa1+ 45. Kh2 Kh8 46. Qf7 h6 47. Ne6 Ra7 48. Qxf6+ Kg8 49. Qg6+ Kh8 50. f4 gxf4 51. exf4 Qe7 52. Kh3 Qf7 53. Qxh6+ Qh7 54. Qxh7+ Kxh7 55. g4 Kg6 56. Ng5 Ra4 57. Nf3 Kf6 58. Kg3 Ra2 59. g5+ Kg6 60. Kh3 Kf5 61. g3 Ke4 62. Kg4 Ra7 63. g6 Rg7 64. Ng5+ Ke3 65. Kf5 Kxd4 66. Ne6+ Ke3 67. Nxg7 d4 68. Kg5 d3 69. Nf5+ Ke4 70. Nd6+ Kd4 71. Nc4 1-0

[Event "PNWCC vs Europe Hybrid 08"]
[Site "Chess.com INT"]
[Date "2022.08.20"]
[Round "4"]
[White "Shivakumar, Shawnak"]
[Black "Brankov, Krasimir Dimitrov"]
[Result "1/2-1/2"]
[WhiteElo "2140"]
[BlackElo "2212"]
[PlyCount "31"]
[EventDate "2022.08.19"]
[EventType "team-match"]
[EventRounds "8"]
[EventCountry "USA"]
[SourceTitle "EXT 2024"]
[Source "ChessBase"]
[SourceDate "2023.10.10"]
[SourceVersion "1"]
[SourceVersionDate "2023.10.10"]
[SourceQuality "1"]
[WhiteTeam "PNWCC"]
[BlackTeam "Europe"]
[WhiteTeamCountry "USA"]

1. c4 Nf6 2. Nc3 d5 3. cxd5 Nxd5 4. Nf3 c5 5. g3 g6 6. Qb3 Nb4 7. a3 Be6 8. Qa4+ Bd7 9. Qd1 N4c6 10. Ne4 Na6 11. e3 Bf5 12. Qa4 Qa5 13. Nc3 Bg7 14. Bb5 Qc7 15. d4 0-0 16. d5 1/2-1/2

[Event "PNWCC-Bulgaria Hybrid 06"]
[Site "Chess.com INT"]
[Date "2022.06.19"]
[Round "?"]
[White "Brankov, Krasimir Dimitrov"]
[Black "Iinuma, Paul Y"]
[Result "1/2-1/2"]
[WhiteElo "2266"]
[BlackElo "2010"]
[PlyCount "64"]
[EventDate "2022.06.18"]
[EventType "team-match"]
[EventRounds "4"]
[EventCountry "USA"]
[SourceTitle "EXT 2024"]
[Source "ChessBase"]
[SourceDate "2023.10.10"]
[SourceVersion "1"]
[SourceVersionDate "2023.10.10"]
[SourceQuality "1"]
[WhiteTeam "Bulgaria"]
[BlackTeam "PNWCC"]
[WhiteTeamCountry "BUL"]
[BlackTeamCountry "USA"]

1. d4 d5 2. c4 c6 3. Nc3 Nf6 4. Nf3 e6 5. Bg5 dxc4 6. g3 b5 7. Bg2 Bb7 8. Bxf6 Qxf6 9. Ne5 Bb4 10. 0-0 Bxc3 11. bxc3 Qe7 12. a4 f6 13. Nf3 0-0 14. Qb1 a6 15. Nd2 Ra7 16. Qb2 Rd8 17. Rfb1 Qc7 18. Ne4 Nd7 19. Qa3 Nb6 20. Nc5 Bc8 21. axb5 cxb5 22. Rxb5 axb5 23. Qxa7 Qxa7 24. Rxa7 b4 25. cxb4 Rxd4 26. Bb7 Rd8 27. Ba6 e5 28. f3 Bxa6 29. Rxa6 Rb8 30. Ne4 Nd5 31. Rc6 Rxb4 32. Nd6 Nb6 1/2-1/2

[Event "PNWCC vs Europe Hybrid 05"]
[Site "Chess.com INT"]
[Date "2022.05.08"]
[Round "4"]
[White "Krishnakumar, Sriram"]
[Black "Brankov, Krasimir Dimitrov"]
[Result "1/2-1/2"]
[WhiteElo "2180"]
[BlackElo "2251"]
[PlyCount "43"]
[EventDate "2022.05.07"]
[EventType "team-tourn"]
[EventRounds "4"]
[EventCountry "USA"]
[SourceTitle "EXT 2023"]
[Source "ChessBase"]
[SourceDate "2022.10.05"]
[SourceVersion "1"]
[SourceVersionDate "2022.10.05"]
[SourceQuality "1"]
[WhiteTeam "PNWCC"]
[BlackTeam "Europe"]
[WhiteTeamCountry "USA"]

1. e4 Nf6 2. e5 Nd5 3. d4 d6 4. Bc4 c6 5. Nf3 dxe5 6. Nxe5 Nd7 7. 0-0 Nxe5 8. dxe5 Bf5 9. Nd2 e6 10. c3 Be7 11. Nf3 Nb6 12. Be2 Qxd1 13. Rxd1 0-0 14. Bg5 Bxg5 15. Nxg5 h6 16. Nf3 Rfd8 17. Rac1 Kf8 18. Nd4 Ke7 19. f4 Rd7 20. g4 Be4 21. Rf1 Na4 22. f5 1/2-1/2

[Event "PNWCC vs Plovdiv Hybrid"]
[Site "Chess.com INT"]
[Date "2022.03.12"]
[Round "2"]
[White "Brankov, Krasimir Dimitrov"]
[Black "Prilleltensky, Matan"]
[Result "1/2-1/2"]
[WhiteElo "2278"]
[BlackElo "2167"]
[PlyCount "177"]
[EventDate "2022.03.12"]
[EventType "team-tourn"]
[EventRounds "4"]
[EventCountry "NET"]
[SourceTitle "EXT 2023"]
[Source "ChessBase"]
[SourceDate "2022.10.05"]
[SourceVersion "1"]
[SourceVersionDate "2022.10.05"]
[SourceQuality "1"]
[WhiteTeam "Plovdiv"]
[BlackTeam "PNWCC"]
[WhiteTeamCountry "BUL"]
[BlackTeamCountry "USA"]

1. d4 d5 2. c4 e6 3. Nc3 c6 4. cxd5 exd5 5. Nf3 Bf5 6. Bf4 Bd6 7. Bg3 Nf6 8. e3 0-0 9. Be2 Re8 10. 0-0 Bxg3 11. hxg3 Nbd7 12. Nh4 Be4 13. Nf3 Qe7 14. Nxe4 Nxe4 15. Rc1 Ndf6 16. Ne1 Nxg3 17. Nd3 Nxf1 18. Bxf1 Ne4 19. Rc2 Rad8 20. a3 Rd6 21. g3 Qg5 22. Nf4 Nf6 23. Bd3 h5 24. Nh3 Qg4 25. Qxg4 Nxg4 26. Kg2 g6 27. Ng1 Kg7 28. Ne2 Rh8 29. Nf4 Nf6 30. b4 h4 31. gxh4 Rxh4 32. b5 Rh8 33. a4 Rc8 34. a5 Rdd8 35. Rb2 cxb5 36. Rxb5 Rd7 37. Be2 a6 38. Rb2 Ne4 39. Bf3 Rcc7 40. Nd3 Re7 41. Bxe4 Rxe4 42. Nc5 Ree7 43. Rb6 Rc6 44. Rb2 Rec7 45. Nxb7 Rc2 46. Rxc2 Rxc2 47. Nc5 Ra2 48. Nxa6 Rxa5 49. Nb4 Kf6 50. Kf3 Ke6 51. Nd3 Ra2 52. Nf4+ Kd6 53. Nd3 Rd2 54. Ne5 Ke6 55. Kg3 Ra2 56. Nd3 Ra1 57. Nf4+ Kd6 58. Nd3 f6 59. Kf3 Rg1 60. Nf4 g5 61. Nd3 Ke6 62. Ke2 Rb1 63. Kf3 Kf5 64. Kg3 Rd1 65. Nc5 Rg1+ 66. Kh2 Rg4 67. Kh3 Rh4+ 68. Kg3 Rh8 69. Nd3 Re8 70. Nc5 Re7 71. Kf3 Rh7 72. Kg3 Ra7 73. Kf3 Ra1 74. Kg3 Ra3 75. Kf3 Ra1 76. Kg3 Rd1 77. Kf3 Rg1 78. Nd3 g4+ 79. Ke2 g3 80. fxg3 Rxg3 81. Kf2 Rg8 82. Kf3 Ra8 83. Nf4 Ra5 84. Nxd5 Rxd5 85. e4+ Ke6 86. exd5+ Kxd5 87. Kf4 Kxd4 88. Kf5 Kd5 89. Kxf6 1/2-1/2

[Event "BUL-chT2 64th"]
[Site "Sunny Beach"]
[Date "2015.06.02"]
[Round "3.2"]
[White "Brankov, Krasimir Dimitrov"]
[Black "Kalchev, Stefan"]
[Result "1-0"]
[WhiteElo "2304"]
[BlackElo "2112"]
[PlyCount "45"]
[EventDate "2015.05.31"]
[EventType "team-swiss"]
[EventRounds "7"]
[EventCountry "BUL"]
[SourceTitle "CBM 166 Extra"]
[Source "ChessBase"]
[SourceDate "2015.06.18"]
[SourceVersion "1"]
[SourceVersionDate "2015.06.18"]
[SourceQuality "1"]
[WhiteTeam "Pazardzhik"]
[BlackTeam "Veliko Tarnovo Etar"]
[WhiteTeamCountry "BUL"]
[BlackTeamCountry "BUL"]

1. d4 Nf6 2. c4 e6 3. Nc3 Bb4 4. e3 0-0 5. Bd3 d5 6. Nge2 c5 7. 0-0 cxd4 8. exd4 dxc4 9. Bxc4 Nc6 10. Bg5 Be7 11. Rc1 b6 12. Qd3 Bb7 13. Rfd1 Nb4 14. Qh3 Ne4 15. Bxe7 Qxe7 16. a3 Nxc3 17. Nxc3 Rac8 18. Bb3 Nd5 19. Bxd5 exd5 20. Re1 Qg5 21. Qd7 Ba8 22. Re3 Rce8 23. Qxe8 1-0

[Event "BUL-chT-A 62nd"]
[Site "Sunny Beach"]
[Date "2012.09.19"]
[Round "1.2"]
[White "Chatalbashev, Boris"]
[Black "Brankov, Krasimir Dimitrov"]
[Result "1-0"]
[WhiteElo "2549"]
[BlackElo "2325"]
[PlyCount "83"]
[EventDate "2012.09.19"]
[EventType "team-tourn"]
[EventRounds "7"]
[EventCountry "BUL"]
[SourceTitle "CBM 150 Extra"]
[Source "ChessBase"]
[SourceDate "2012.10.19"]
[SourceVersion "1"]
[SourceVersionDate "2012.10.19"]
[SourceQuality "1"]
[WhiteTeam "Plovdiv Lokomotiv"]
[BlackTeam "Blagoevgrad Victory"]
[WhiteTeamCountry "BUL"]
[BlackTeamCountry "BUL"]

1. d4 Nf6 2. c4 g6 3. Nc3 Bg7 4. e4 d6 5. Bd3 0-0 6. Nge2 Nbd7 7. h3 c5 8. Be3 cxd4 9. Nxd4 Ne5 10. Be2 Nc6 11. 0-0 Nxd4 12. Bxd4 Bd7 13. Qd3 Bc6 14. b4 b6 15. f4 Nd7 16. Rad1 a5 17. b5 Bb7 18. Bxg7 Kxg7 19. e5 Nc5 20. Qe3 f6 21. Bf3 Bxf3 22. Rxf3 Ra7 23. exd6 exd6 24. f5 g5 25. Qd4 Rd7 26. h4 h6 27. hxg5 hxg5 28. Rg3 Kg8 29. Nd5 Rdf7 30. Re1 Rh7 31. Rge3 Rh4 32. Qc3 Nd7 33. Ne7+ Kg7 34. Nc6 Qc8 35. Re7+ Kh8 36. g3 Rh6 37. R7e6 Ne5 38. Nxe5 dxe5 39. R1xe5 Rd8 40. Re1 Qc5+ 41. Qe3 Qxf5 42. Re8+ 1-0

[Event "BUL-chT-B 60th"]
[Site "Albena"]
[Date "2010.05.31"]
[Round "7.5"]
[White "Galunov, Todor"]
[Black "Brankov, Krasimir Dimitrov"]
[Result "1/2-1/2"]
[WhiteElo "2364"]
[BlackElo "2317"]
[PlyCount "61"]
[EventDate "2010.05.27"]
[EventType "team-tourn"]
[EventRounds "9"]
[EventCountry "BUL"]
[SourceTitle "CBM 136 Extra"]
[Source "ChessBase"]
[SourceDate "2010.07.02"]
[SourceVersion "2"]
[SourceVersionDate "2010.07.15"]
[SourceQuality "1"]
[WhiteTeam "Abritus"]
[BlackTeam "Pazardzhik"]
[WhiteTeamCountry "BUL"]
[BlackTeamCountry "BUL"]

1. Nf3 g6 2. g3 Bg7 3. Bg2 c5 4. c4 Nc6 5. Nc3 e6 6. 0-0 Nge7 7. e3 0-0 8. d4 cxd4 9. Nxd4 Nxd4 10. exd4 d5 11. cxd5 Nxd5 12. Nxd5 exd5 13. Be3 Bd7 14. Qb3 Bc6 15. Rac1 Qb6 16. Bxd5 Bxd5 17. Qxd5 Rad8 18. Qc4 Bxd4 19. Bxd4 Rxd4 20. Qc3 Rfd8 21. Rfe1 Rd3 22. Qc2 Rd2 23. Re8+ Kg7 24. Qc3+ Kh6 25. Qe3+ Qxe3 26. Rxe3 R8d7 27. Rb3 Re2 28. Rcc3 Kg7 29. Re3 Rc2 30. Rec3 Rxc3 31. Rxc3 1/2-1/2

[Event "BUL-chT-B 60th"]
[Site "Albena"]
[Date "2010.05.30"]
[Round "6.2"]
[White "Brankov, Krasimir Dimitrov"]
[Black "Stavrev, Nikolai"]
[Result "1/2-1/2"]
[WhiteElo "2317"]
[BlackElo "2336"]
[PlyCount "60"]
[EventDate "2010.05.27"]
[EventType "team-tourn"]
[EventRounds "9"]
[EventCountry "BUL"]
[SourceTitle "CBM 136 Extra"]
[Source "ChessBase"]
[SourceDate "2010.07.02"]
[SourceVersion "2"]
[SourceVersionDate "2010.07.15"]
[SourceQuality "1"]
[WhiteTeam "Pazardzhik"]
[BlackTeam "Sofia Slavia"]
[WhiteTeamCountry "BUL"]
[BlackTeamCountry "BUL"]

1. d4 d5 2. Nf3 Nf6 3. Bf4 c5 4. c3 Qb6 5. Qb3 Nc6 6. e3 c4 7. Qxb6 axb6 8. Nbd2 b5 9. a3 b4 10. cxb4 Nxb4 11. Rc1 Nc6 12. Ne5 Nxe5 13. Bxe5 Ng4 14. Bg3 b5 15. Be2 Bf5 16. 0-0 e6 17. e4 dxe4 18. Bxg4 Bxg4 19. Nxe4 Bf5 20. Nd6+ Bxd6 21. Bxd6 Be4 22. Rfe1 Bd5 23. f3 Kd7 24. Bc5 f6 25. Kf2 Rhe8 26. Ke3 Kc6 27. Kd2 Ra6 28. Bb4 Rea8 29. Kc3 R8a7 30. Bc5 Ra8 1/2-1/2

[Event "BUL-chT-B 60th"]
[Site "Albena"]
[Date "2010.05.27"]
[Round "1.2"]
[White "Mladenov, Plamen"]
[Black "Brankov, Krasimir Dimitrov"]
[Result "1/2-1/2"]
[WhiteElo "2375"]
[BlackElo "2317"]
[PlyCount "60"]
[EventDate "2010.05.27"]
[EventType "team-tourn"]
[EventRounds "9"]
[EventCountry "BUL"]
[SourceTitle "CBM 136 Extra"]
[Source "ChessBase"]
[SourceDate "2010.07.02"]
[SourceVersion "2"]
[SourceVersionDate "2010.07.15"]
[SourceQuality "1"]
[WhiteTeam "Pleven Spartak XXI"]
[BlackTeam "Pazardzhik"]
[WhiteTeamCountry "BUL"]
[BlackTeamCountry "BUL"]

1. d4 Nf6 2. Bg5 Ne4 3. Bf4 d5 4. e3 c6 5. Nd2 Nxd2 6. Qxd2 Bf5 7. Nf3 e6 8. Be2 Nd7 9. Ne5 Nxe5 10. Bxe5 Bd6 11. Bg3 Qe7 12. c3 Bg6 13. Bxd6 Qxd6 14. 0-0 0-0 15. Rfd1 Rfd8 16. c4 dxc4 17. Bxc4 c5 18. Qa5 b6 19. Qa4 Be4 20. Be2 Bd5 21. dxc5 Qxc5 22. Rac1 Qe7 23. Ba6 Bb7 24. h3 Bxa6 25. Qxa6 h6 26. Qa4 Rxd1+ 27. Rxd1 Rd8 28. Rd4 Qf6 29. Rxd8+ Qxd8 30. Qc2 Qd7 1/2-1/2

[Event "BUL-chT2"]
[Site "Sunny Beach"]
[Date "2009.06.13"]
[Round "6.1"]
[White "Karakehajov, Kalin"]
[Black "Brankov, Krasimir Dimitrov"]
[Result "1-0"]
[WhiteElo "2480"]
[BlackElo "2306"]
[PlyCount "75"]
[EventDate "2009.06.08"]
[EventType "team-swiss"]
[EventRounds "7"]
[EventCountry "BUL"]
[SourceTitle "CBM 130 Extra"]
[Source "ChessBase"]
[SourceDate "2009.07.02"]
[SourceVersion "2"]
[SourceVersionDate "2009.07.15"]
[SourceQuality "1"]

1. e4 g6 2. d4 Bg7 3. Nc3 d6 4. Be3 e5 5. dxe5 dxe5 6. Qxd8+ Kxd8 7. 0-0-0+ Nd7 8. Bc4 f6 9. Kb1 c6 10. Bc5 Ke8 11. Bd6 Bf8 12. h4 Bxd6 13. Rxd6 Ke7 14. Re6+ Kf8 15. Rd6 Ke7 16. Rd2 Nb6 17. Bb3 h5 18. f4 Nh6 19. fxe5 fxe5 20. Nf3 Ng4 21. Nd1 Be6 22. Nf2 Nxf2 23. Rxf2 Bxb3 24. axb3 Nd7 25. Rd1 Rad8 26. Rfd2 Rhf8 27. Rd6 Rf6 28. Rxf6 Nxf6 29. Rxd8 Kxd8 30. Nxe5 Nxe4 31. Nxg6 Kd7 32. c3 Ke6 33. Kc2 Kf5 34. Ne7+ Kg4 35. Kd3 Ng3 36. Ke3 Kxh4 37. Kf3 Nf1 38. Kf2 1-0

[Event "BUL-chT2 58th"]
[Site "Borovetz"]
[Date "2008.10.04"]
[Round "4.2"]
[White "Enchev, Ivajlo"]
[Black "Brankov, Krasimir Dimitrov"]
[Result "1-0"]
[WhiteElo "2362"]
[BlackElo "2307"]
[PlyCount "81"]
[EventDate "2008.10.01"]
[EventType "team-swiss"]
[EventRounds "7"]
[EventCountry "BUL"]
[SourceTitle "CBM 126 Extra"]
[Source "ChessBase"]
[SourceDate "2008.11.05"]
[SourceVersion "1"]
[SourceVersionDate "2008.11.05"]
[SourceQuality "1"]

1. c4 d6 2. Nc3 e5 3. d4 exd4 4. Qxd4 Nc6 5. Qd2 Nf6 6. b3 Be6 7. e4 g6 8. Bb2 Bg7 9. g3 0-0 10. Bg2 a5 11. Nge2 a4 12. Nxa4 Bxc4 13. 0-0 Re8 14. Nac3 Bxe2 15. Qxe2 Nd4 16. Qd2 c5 17. Rfe1 b5 18. Ne2 Nxe4 19. Bxe4 Rxe4 20. Nxd4 Rxd4 21. Bxd4 Bxd4 22. Rad1 b4 23. Re2 Kg7 24. Qd3 Qf6 25. Qe4 Rd8 26. Qd5 h5 27. Rd3 Qf5 28. Rxd4 cxd4 29. Qxd4+ Kh7 30. Qxb4 Rc8 31. Kg2 Rc5 32. Qe4 Qc8 33. Rd2 Re5 34. Qf4 Rf5 35. Qxd6 Qa8+ 36. Kg1 Qe4 37. h4 Qe1+ 38. Kg2 Qe4+ 39. Kh2 g5 40. hxg5 Rxg5 41. Qd3 1-0

[Event "Kesarovski Georgiev Memorial 3rd"]
[Site "Sunny Beach"]
[Date "2004.09.19"]
[Round "3"]
[White "Bonev, Todor"]
[Black "Brankov, Krasimir Dimitrov"]
[Result "0-1"]
[WhiteElo "2250"]
[BlackElo "2325"]
[PlyCount "106"]
[EventDate "2004.09.18"]
[EventType "swiss"]
[EventRounds "9"]
[EventCountry "BUL"]
[SourceTitle "CBM 102 Extra"]
[Source "ChessBase"]
[SourceDate "2004.11.03"]
[SourceVersion "1"]
[SourceVersionDate "2004.11.03"]
[SourceQuality "1"]

1. e4 d6 2. d4 Nf6 3. Nc3 g6 4. Be3 c6 5. f3 Qb6 6. a3 Bg7 7. Bc4 d5 8. exd5 cxd5 9. Bd3 Nc6 10. Nge2 0-0 11. 0-0 e5 12. Na4 Qa5 13. Nc5 Re8 14. b4 Qc7 15. c3 b6 16. Nb3 e4 17. fxe4 Nxe4 18. Bf4 Qd8 19. Qc2 Bb7 20. Rae1 Rc8 21. Bxe4 Rxe4 22. Qd2 Ba6 23. Ng3 Rxe1 24. Rxe1 Bc4 25. Nc1 Qd7 26. Nd3 Re8 27. Ne5 Nxe5 28. dxe5 f6 29. exf6 Rxe1+ 30. Qxe1 Bxf6 31. Qd2 Qg7 32. Ne2 Qf7 33. Nd4 Bxd4+ 34. Qxd4 g5 35. Qe5 Qxf4 36. Qe8+ Kg7 37. Qe7+ Kg6 38. Qe6+ Qf6 39. Qe8+ Kh6 40. h3 Qxc3 41. Qe6+ Kg7 42. Qe7+ Kg6 43. Qe8+ Kf5 44. g4+ Kf4 45. Qf7+ Kg3 46. Qc7+ Kxh3 47. Qxh7+ Kxg4 48. Qd7+ Kf4 49. Qf7+ Ke4 50. Qh7+ Ke3 51. Qh3+ Kd2 52. Qg2+ Kd1 53. Qg4+ Kc2 0-1

[Event "BUL-chT"]
[Site "Plovdiv"]
[Date "2003.11.10"]
[Round "8"]
[White "Raev, Rostislav"]
[Black "Brankov, Krasimir Dimitrov"]
[Result "1/2-1/2"]
[WhiteElo "2282"]
[BlackElo "2325"]
[PlyCount "56"]
[EventDate "2003.11.??"]
[EventType "team"]
[EventRounds "9"]
[EventCountry "BUL"]
[SourceTitle "CBM 097 Extra"]
[Source "ChessBase"]
[SourceDate "2004.01.13"]
[SourceVersion "1"]
[SourceVersionDate "2004.01.13"]
[SourceQuality "1"]

1. c4 Nf6 2. Nc3 d5 3. d4 g6 4. g3 Bg7 5. Bg2 c6 6. Nf3 0-0 7. 0-0 Ne4 8. Bf4 Nxc3 9. bxc3 dxc4 10. Ne5 Be6 11. Rb1 Qc8 12. Qa4 Nd7 13. Qb4 Nxe5 14. dxe5 b5 15. Qxe7 Bh3 16. Rfd1 Bxg2 17. Kxg2 Qf5 18. Rb2 Rfe8 19. Qc5 Bxe5 20. Bxe5 Qxe5 21. Qxc6 Qxc3 22. Rxb5 Rad8 23. Rb7 Qc2 24. Rd4 Qxe2 25. Qc7 Qe6 26. Rxd8 Qe4+ 27. f3 Qc2+ 28. Kh3 Qf5+ 1/2-1/2

[Event "BUL-chT"]
[Site "Plovdiv"]
[Date "2003.11.09"]
[Round "7"]
[White "Brankov, Krasimir Dimitrov"]
[Black "Gochev, Mladen"]
[Result "1/2-1/2"]
[WhiteElo "2325"]
[BlackElo "2270"]
[PlyCount "33"]
[EventDate "2003.11.??"]
[EventType "team"]
[EventRounds "9"]
[EventCountry "BUL"]
[SourceTitle "CBM 097 Extra"]
[Source "ChessBase"]
[SourceDate "2004.01.13"]
[SourceVersion "1"]
[SourceVersionDate "2004.01.13"]
[SourceQuality "1"]

1. d4 Nf6 2. Nf3 c5 3. d5 e6 4. Nc3 b5 5. dxe6 fxe6 6. Nxb5 d5 7. Nc3 Be7 8. e4 d4 9. e5 dxc3 10. Qxd8+ Bxd8 11. exf6 Bxf6 12. b3 Nc6 13. Bb5 Bd7 14. Be3 Nb4 15. Bxd7+ Kxd7 16. 0-0-0+ Kc6 17. Bf4 1/2-1/2

[Event "Elenite op"]
[Site "Elenite"]
[Date "1993.??.??"]
[Round "8"]
[White "Spasov, Vasil"]
[Black "Brankov, Krasimir Dimitrov"]
[Result "1-0"]
[WhiteElo "2520"]
[BlackElo "2315"]
[PlyCount "73"]
[EventDate "1993.??.??"]
[EventType "swiss"]
[EventRounds "9"]
[EventCountry "BUL"]
[SourceTitle "EXT 1998"]
[Source "ChessBase"]
[SourceDate "1997.11.17"]
[SourceVersion "1"]
[SourceVersionDate "1997.11.17"]
[SourceQuality "1"]

1. e4 d6 2. d4 Nf6 3. Nc3 g6 4. g3 Bg7 5. Bg2 0-0 6. Nge2 c6 7. 0-0 e5 8. h3 Nbd7 9. a4 a5 10. Bg5 Qe7 11. Qd2 Re8 12. Rad1 Nf8 13. Rfe1 Ne6 14. Be3 exd4 15. Nxd4 Nxd4 16. Bxd4 Bf8 17. f4 Nd7 18. Qf2 Nc5 19. Bxc5 dxc5 20. e5 Rd8 21. Ne4 Rxd1 22. Rxd1 Be6 23. Nd6 c4 24. Qb6 Ra6 25. Qc5 Qc7 26. Bf1 Qd7 27. Kh2 b5 28. Bg2 bxa4 29. c3 Qa7 30. Qxa7 Rxa7 31. Bxc6 a3 32. bxa3 Ra6 33. Bb5 Rb6 34. a4 Rb8 35. g4 Rd8 36. g5 Bf5 37. Bxc4 1-0